[Event "XI Open Vallee d'Aoste A"]
[Site "Saint Vincent - Chatillon ITA"]
[Date "2003.02.13"]
[Round "6"]
[White "Voiska, Margarita"]
[Black "Legky, Nikolay A."]
[Result "1-0"]
[WhiteElo "2343"]
[BlackElo "2507"]
[PlyCount "137"]
[EventDate "2003.02.08"]

1. c4 e6 2. g3 d5 3. Nf3 dxc4 4. Qa4+ Nd7 5. Qxc4 a6 6. d4 b5 7. Qc2 Bb7 8. Bg2
Rc8 9. O-O c5 10. dxc5 Bxc5 11. Qd2 Ngf6 12. b4 Ne4 13. Qb2 Be7 14. Be3 Nb6 15.
Bd4 O-O 16. a3 Bd5 17. Bxg7 Na4 18. Qd4 Rc4 19. Bxf8 Rxd4 20. Bxe7 Qxe7 21.
Nxd4 Qf6 22. e3 e5 23. Nb3 Bxb3 24. Bxe4 Qd6 25. Rc1 f5 26. Bxf5 e4 27. Bxe4
Bc4 28. Bc2 Qf6 29. Nd2 Nc3 30. Nxc4 Ne2+ 31. Kg2 Nxc1 32. Rxc1 bxc4 33. Be4 c3
34. a4 Qe6 35. f3 Qc4 36. b5 axb5 37. axb5 Qe2+ 38. Kh3 Qxe3 39. Rc2 h6 40. b6
Qxb6 41. Rxc3 Kg7 42. Rc6 Qe3 43. Rg6+ Kh8 44. Kg4 Qd2 45. h4 Qe3 46. Rc6 Qd2
47. Kh5 Qa5+ 48. Kxh6 Qd8 49. Kh5 Qe8+ 50. Rg6 Qe5+ 51. Kg4 Qd4 52. h5 Qd7+ 53.
Bf5 Qd4+ 54. f4 Qd1+ 55. Kh4 Qd8+ 56. Rg5 Qd1 57. Bg4 Qd8 58. Bf3 Qe7 59. Bd5
Qd8 60. Kh3 Qd7+ 61. g4 Qc7 62. Re5 Qc1 63. Kg3 Qd2 64. h6 Qc3+ 65. Kh4 Qc8 66.
g5 Qd7 67. Be4 Qf7 68. Kg4 Qd7+ 69. Kg3 1-0

[Event "XI Open Vallee d'Aoste A"]
[Site "Saint Vincent - Chatillon ITA"]
[Date "2003.02.13"]
[Round "6"]
[White "Werle, Jan"]
[Black "Delchev, Aleksander"]
[Result "0-1"]
[WhiteElo "2393"]
[BlackElo "2583"]
[PlyCount "118"]
[EventDate "2003.02.08"]

1. e4 e5 2. Nf3 Nf6 3. Nc3 Nc6 4. Bb5 Nd4 5. Ba4 c6 6. d3 b5 7. Bb3 Nxb3 8.
axb3 d6 9. O-O Be7 10. Ne2 O-O 11. Ng3 Be6 12. Ng5 Bg4 13. f3 Nh5 14. Nxh5 Bxh5
15. Nh3 d5 16. Be3 a5 17. Qe1 a4 18. b4 Bg6 19. Kh1 Re8 20. Bd2 Rc8 21. Be3 f5
22. exf5 Bxf5 23. Nf2 Bd6 24. Bc5 Bb8 25. Nd1 Qc7 26. g3 Qf7 27. Nc3 Re6 28.
Qe2 Rce8 29. Rae1 h6 30. Qg2 Qd7 31. Qe2 Bc7 32. Rf2 Bd8 33. Qf1 Bf6 34. Rfe2
Bg6 35. Qf2 Bh5 36. Kg2 Qf7 37. Rf1 Bd8 38. Qe1 Bf6 39. Qf2 g5 40. Qe1 Bg7 41.
Ref2 Bf6 42. Re2 Bg6 43. Rff2 Bf5 44. Rf1 h5 45. Kh1 Qg6 46. Qf2 Bg7 47. Qe1 g4
48. fxg4 Bxg4 49. Rd2 Bh6 50. Rdf2 e4 51. dxe4 dxe4 52. Be3 Bf3+ 53. Kg1 h4 54.
Rg2 Bxg2 55. Kxg2 hxg3 56. hxg3 Qh5 57. Rf2 Rg6 58. Nd1 Re7 59. Bxh6 Rxh6 0-1

[Event "XI Open Vallee d'Aoste A"]
[Site "Saint Vincent - Chatillon ITA"]
[Date "2003.02.14"]
[Round "7"]
[White "Borgo, Giulio"]
[Black "Sanchez, Joseph"]
[Result "1-0"]
[WhiteElo "2430"]
[BlackElo "2307"]
[PlyCount "63"]
[EventDate "2003.02.08"]

1. c4 e5 2. Nc3 Bb4 3. Nd5 Be7 4. d4 d6 5. g3 c6 6. Nxe7 Qxe7 7. e3 f5 8. Qh5+
g6 9. Qd1 Nf6 10. Ne2 Be6 11. b3 O-O 12. Ba3 exd4 13. Nxd4 Bf7 14. Bg2 Nbd7 15.
Ne2 Nc5 16. O-O g5 17. Nc3 a5 18. Qd4 h6 19. Na4 Nce4 20. f3 c5 21. Qd3 Nxg3
22. hxg3 Nh5 23. Kh2 Bg6 24. f4 Rae8 25. Rae1 Kh7 26. Nb6 Rg8 27. Nd5 Qd8 28.
Bb2 Re6 29. Bh3 Re4 30. g4 gxf4 31. gxf5 Qh4 32. Nf6+ 1-0

[Event "XI Open Vallee d'Aoste A"]
[Site "Saint Vincent - Chatillon ITA"]
[Date "2003.02.14"]
[Round "7"]
[White "Cocchi, Andrea"]
[Black "Efimov, Igor"]
[Result "1/2-1/2"]
[WhiteElo "2311"]
[BlackElo "2480"]
[PlyCount "105"]
[EventDate "2003.02.08"]

1. Nf3 c5 2. c4 Nc6 3. Nc3 g6 4. e3 Bg7 5. d4 d6 6. h3 Nf6 7. Be2 O-O 8. d5 Na5
9. O-O a6 10. Rb1 Rb8 11. e4 Bd7 12. Bf4 Qc7 13. a4 Nh5 14. Be3 f5 15. exf5
Bxf5 16. Rc1 Bd7 17. Ng5 Nf4 18. Bg4 Nxc4 19. Bxf4 Rxf4 20. Be6+ Kh8 21. b3 Bh6
22. Ne2 Rf6 23. Ne4 Bxc1 24. Qxc1 Ne5 25. Qh6 Bxe6 26. dxe6 Qd8 27. f4 Nc6 28.
Nxf6 exf6 29. f5 Qf8 30. Qh4 Ne7 31. fxg6 Nxg6 32. Qe4 Qe7 33. Ng3 Re8 34. Nf5
Qxe6 35. Qxb7 Rg8 36. Qxa6 Rd8 37. Qb7 Rg8 38. Qc6 Qxb3 39. Qxd6 Qb2 40. Rf2
Qc1+ 41. Kh2 Rf8 42. Ng3 Qa1 43. Qxc5 Qxa4 44. Nh5 Qe8 45. Nxf6 Qe5+ 46. Qxe5
Nxe5 47. g4 Nd7 48. Ne4 Rxf2+ 49. Nxf2 Kg7 50. Kg3 Ne5 51. Kf4 Kg6 52. h4 h5
53. gxh5+ 1/2-1/2

[Event "XI Open Vallee d'Aoste A"]
[Site "Saint Vincent - Chatillon ITA"]
[Date "2003.02.14"]
[Round "7"]
[White "Costantini, Roberto"]
[Black "Saldano Dayer, Horacio"]
[Result "1/2-1/2"]
[WhiteElo "2274"]
[BlackElo "2442"]
[PlyCount "21"]
[EventDate "2003.02.08"]

1. e4 d5 2. exd5 Qxd5 3. Nc3 Qa5 4. d4 Nf6 5. Bc4 c6 6. Bd2 Bf5 7. Nf3 e6 8.
Nd5 Qd8 9. Nxf6+ gxf6 10. Bb3 Nd7 11. Qe2 1/2-1/2

[Event "XI Open Vallee d'Aoste A"]
[Site "Saint Vincent - Chatillon ITA"]
[Date "2003.02.14"]
[Round "7"]
[White "Delchev, Aleksander"]
[Black "Sarno, Spartaco"]
[Result "1-0"]
[WhiteElo "2583"]
[BlackElo "2412"]
[PlyCount "85"]
[EventDate "2003.02.08"]

1. e4 d6 2. d4 Nf6 3. f3 g6 4. c4 Bg7 5. Nc3 O-O 6. Nge2 a6 7. Be3 Nc6 8. Qd2
Rb8 9. Rb1 e5 10. d5 Ne7 11. Ng3 Ne8 12. Bd3 f5 13. exf5 gxf5 14. Nh5 Rf7 15.
Bg5 Bh8 16. f4 e4 17. Be2 c5 18. O-O Bd7 19. Kh1 Bd4 20. Qe1 Ng7 21. Nxg7 Rxg7
22. Bh5 Be8 23. Bxe8 Qxe8 24. Ne2 Qg6 25. g3 Bf6 26. Bxf6 Qxf6 27. b4 cxb4 28.
Rxb4 Ng6 29. Rb6 Rc7 30. Qb4 Qe7 31. Nd4 a5 32. Qb3 Qf7 33. Nb5 Rd7 34. Nxd6
Qf8 35. c5 Rg7 36. Nxb7 a4 37. Qb5 e3 38. d6 Qf7 39. c6 Qxa2 40. c7 Rf8 41. Rc6
e2 42. Re1 Nxf4 43. Qc4+ 1-0

[Event "XI Open Vallee d'Aoste A"]
[Site "Saint Vincent - Chatillon ITA"]
[Date "2003.02.14"]
[Round "7"]
[White "Flear, Glenn Curtis"]
[Black "Aleksieva, Silvia"]
[Result "1-0"]
[WhiteElo "2503"]
[BlackElo "2333"]
[PlyCount "87"]
[EventDate "2003.02.08"]

1. d4 Nf6 2. c4 e6 3. Nc3 Bb4 4. e3 O-O 5. Nge2 d5 6. a3 Be7 7. cxd5 exd5 8. b4
c6 9. Ng3 Re8 10. Bd3 Bd6 11. O-O Nbd7 12. Bd2 a6 13. Qc2 Nf8 14. Nce2 Ne4 15.
Nxe4 dxe4 16. Bxe4 Bxh2+ 17. Kxh2 Qh4+ 18. Kg1 Qxe4 19. Qxe4 Rxe4 20. a4 Re8
21. b5 axb5 22. axb5 Rxa1 23. Rxa1 cxb5 24. Nc3 b4 25. Nd5 b3 26. Rb1 Nd7 27.
Rxb3 Nf6 28. Nc7 Re7 29. Ba5 h5 30. f3 Kh7 31. e4 g5 32. d5 Ne8 33. Na8 f6 34.
Nb6 Bd7 35. Bc3 Kg6 36. Kf2 h4 37. Ke3 Rh7 38. Nxd7 Rxd7 39. Rb6 Kf7 40. Kd3
Nd6 41. e5 fxe5 42. Bxe5 Ne8 43. Ke4 g4 44. fxg4 1-0

[Event "XI Open Vallee d'Aoste A"]
[Site "Saint Vincent - Chatillon ITA"]
[Date "2003.02.14"]
[Round "7"]
[White "Friedrich, Norbert"]
[Black "Kohlweyer, Bernd"]
[Result "1/2-1/2"]
[WhiteElo "2294"]
[BlackElo "2454"]
[PlyCount "22"]
[EventDate "2003.02.08"]

1. e4 c5 2. c3 d5 3. exd5 Qxd5 4. d4 e6 5. Nf3 Nf6 6. Be2 Nc6 7. O-O Be7 8. c4
Qd8 9. dxc5 Bxc5 10. Qxd8+ Kxd8 11. Nc3 Ke7 1/2-1/2

[Event "XI Open Vallee d'Aoste A"]
[Site "Saint Vincent - Chatillon ITA"]
[Date "2003.02.14"]
[Round "7"]
[White "Iordachescu, Viorel"]
[Black "Drazic, Sinisa"]
[Result "1/2-1/2"]
[WhiteElo "2550"]
[BlackElo "2462"]
[PlyCount "70"]
[EventDate "2003.02.08"]

1. e4 c6 2. d4 d5 3. e5 Bf5 4. Nf3 e6 5. Be2 Nd7 6. O-O h6 7. b3 Ne7 8. c4 a6
9. Na3 Bh7 10. Nc2 c5 11. Bd3 Bxd3 12. Qxd3 dxc4 13. bxc4 cxd4 14. Ncxd4 Nc5
15. Qe3 Qc7 16. Ba3 Ng6 17. Rab1 Rc8 18. h4 h5 19. Nb3 Nd7 20. Bxf8 Ngxf8 21.
Nbd2 Ng6 22. Ne4 O-O 23. Nd6 Rb8 24. Rfd1 Qc5 25. Qg5 Ndxe5 26. Nxe5 Qxe5 27.
Rxb7 Rxb7 28. Nxb7 Qe2 29. Rc1 Ne5 30. c5 Nd3 31. Rf1 Qe4 32. Nd6 Qc6 33. Qxh5
Nxc5 34. Rc1 Qxd6 35. Qxc5 Rd8 1/2-1/2

[Event "XI Open Vallee d'Aoste A"]
[Site "Saint Vincent - Chatillon ITA"]
[Date "2003.02.14"]
[Round "7"]
[White "Klinova, Masha"]
[Black "Golod, Vitali"]
[Result "0-1"]
[WhiteElo "2368"]
[BlackElo "2532"]
[PlyCount "88"]
[EventDate "2003.02.08"]

1. e4 c5 2. Nf3 e6 3. c4 Nc6 4. Nc3 e5 5. a3 d6 6. Rb1 a5 7. Bd3 g5 8. Bc2 g4
9. Ng1 Bg7 10. Nd5 Nge7 11. Ne2 h5 12. Nxe7 Qxe7 13. Nc3 Be6 14. b3 Bh6 15. Bb2
Nd4 16. Bd3 h4 17. Nd5 Bxd5 18. cxd5 g3 19. Bxd4 cxd4 20. Qg4 gxf2+ 21. Ke2 Qg5
22. Qxg5 Bxg5 23. Rbc1 Kd8 24. Rc2 Rc8 25. Rxc8+ Kxc8 26. Rc1+ Kb8 27. g3 hxg3
28. hxg3 Rh3 29. Rf1 Rxg3 30. Rxf2 Bf4 31. a4 Ka7 32. Bc4 Kb6 33. d3 Kc5 34.
Rf3 Rg2+ 35. Rf2 Rg5 36. Kf1 Rh5 37. Rg2 Rh7 38. Rg8 Kb4 39. Rd8 Kc3 40. Rf8
Rg7 41. Ke2 Kc2 42. Kf2 Kd2 43. Bb5 Bg3+ 44. Kf3 Be1 0-1

[Event "XI Open Vallee d'Aoste A"]
[Site "Saint Vincent - Chatillon ITA"]
[Date "2003.02.14"]
[Round "7"]
[White "Miezis, Normunds"]
[Black "Jones, Gawain C.B."]
[Result "1-0"]
[WhiteElo "2523"]
[BlackElo "2271"]
[PlyCount "87"]
[EventDate "2003.02.08"]

1. c4 c5 2. Nc3 Nc6 3. g3 g6 4. Bg2 Bg7 5. d3 e6 6. h4 h5 7. Nh3 Nge7 8. O-O
O-O 9. Bd2 d6 10. Nf4 b6 11. a3 Bb7 12. b4 Qd7 13. Rb1 Rab8 14. e3 Ne5 15. Ne4
d5 16. cxd5 exd5 17. Ng5 Ba6 18. Bh3 Qc6 19. Bc1 c4 20. dxc4 dxc4 21. Bg2 Qc7
22. Qc2 Rfd8 23. b5 Bb7 24. e4 Rbc8 25. a4 Nd3 26. Be3 Nxf4 27. Bxf4 Be5 28.
Be3 Rd3 29. Rfe1 Rcd8 30. Rbc1 Rc3 31. Qa2 Rdd3 32. Rxc3 Rxc3 33. Rd1 Nc8 34.
Bd4 Qd6 35. Bxc3 Qxd1+ 36. Kh2 Bxc3 37. Qxc4 Qd7 38. Qxc3 Nd6 39. e5 Bxg2 40.
Kxg2 Ne8 41. Kh2 Qd5 42. e6 Nd6 43. Qf6 Qf5 44. exf7+ 1-0

[Event "XI Open Vallee d'Aoste A"]
[Site "Saint Vincent - Chatillon ITA"]
[Date "2003.02.14"]
[Round "7"]
[White "Mitkov, Nikola"]
[Black "Paehtz, Elisabeth"]
[Result "1-0"]
[WhiteElo "2534"]
[BlackElo "2384"]
[PlyCount "111"]
[EventDate "2003.02.08"]

1. e4 c5 2. Nc3 d6 3. f4 g6 4. Nf3 Bg7 5. Bc4 Nc6 6. O-O Nf6 7. d3 O-O 8. Qe1
Nd4 9. Bb3 a5 10. Ba4 Bg4 11. Nxd4 cxd4 12. Ne2 Bxe2 13. Qxe2 Nd7 14. f5 Rc8
15. Bd2 Rc5 16. b4 axb4 17. Bxb4 Re5 18. Rab1 d5 19. fxg6 hxg6 20. Qf2 Rh5 21.
exd5 Nf6 22. d6 exd6 23. h3 Nd5 24. Bd2 Nc3 25. Bxc3 dxc3 26. Qf3 b5 27. Bb3 d5
28. Rbe1 Rf5 29. Qg4 Rg5 30. Qf4 Rf5 31. Qb4 Rxf1+ 32. Rxf1 Qd7 33. Qc5 Rd8 34.
Kh1 Qe6 35. Qc7 Re8 36. Qf4 Re7 37. Qb8+ Kh7 38. Qf4 Kg8 39. Qf3 Rd7 40. Rd1 b4
41. Kg1 Qb6+ 42. Kh1 Qe6 43. Rf1 Bf8 44. Qf2 Re7 45. Kh2 Qd6+ 46. g3 Qe5 47.
Kg2 Kg7 48. h4 f6 49. Kh3 d4 50. Qg2 Qd6 51. Rf4 Re5 52. Qb7+ Be7 53. Qc8 Bf8
54. Qc4 Kh6 55. Qg8 Re7 56. Qxf8+ 1-0

[Event "XI Open Vallee d'Aoste A"]
[Site "Saint Vincent - Chatillon ITA"]
[Date "2003.02.14"]
[Round "7"]
[White "Nevednichy, Vladislav"]
[Black "Skripchenko, Almira"]
[Result "1-0"]
[WhiteElo "2567"]
[BlackElo "2501"]
[PlyCount "57"]
[EventDate "2003.02.08"]

1. e4 c5 2. Nf3 e6 3. d4 cxd4 4. Nxd4 Nf6 5. Nc3 Nc6 6. Be2 Bb4 7. O-O Bxc3 8.
bxc3 Nxe4 9. Bd3 Nf6 10. Nb5 O-O 11. Ba3 d5 12. Bxf8 Qxf8 13. c4 d4 14. c3 dxc3
15. Nxc3 Qc5 16. Ne4 Nxe4 17. Bxe4 Nd4 18. Qd3 g6 19. Rad1 e5 20. Bd5 Be6 21.
Bxe6 Nxe6 22. Qe4 Rc8 23. Qxb7 Qxc4 24. Qxa7 Nd4 25. Qe7 Rc5 26. Rfe1 Qd5 27.
Qf6 h5 28. Rb1 Ne6 29. Red1 1-0

[Event "XI Open Vallee d'Aoste A"]
[Site "Saint Vincent - Chatillon ITA"]
[Date "2003.02.14"]
[Round "7"]
[White "O'Cinneide, Mel"]
[Black "Roeder, Matthias"]
[Result "0-1"]
[WhiteElo "2238"]
[BlackElo "2442"]
[PlyCount "64"]
[EventDate "2003.02.08"]

1. d4 Nf6 2. Nf3 e6 3. g3 b5 4. Bg2 d5 5. O-O Nbd7 6. b3 Ba6 7. Nbd2 Be7 8. c4
c6 9. Qc2 O-O 10. Re1 c5 11. e4 dxc4 12. bxc4 bxc4 13. dxc5 Nxc5 14. Nxc4 Qd3
15. Ne3 Qxc2 16. Nxc2 Nd3 17. Rd1 Nxe4 18. Be3 Nc3 19. Rd2 Rac8 20. Nfd4 Ne5
21. Nf3 Nc4 22. Rd7 Nxe3 23. Nxe3 Bc5 24. Bf1 Bxf1 25. Kxf1 Bb6 26. a4 a5 27.
Ra3 Bxe3 28. fxe3 Rc5 29. Nd4 Rfc8 30. Rb3 Nxa4 31. Rbb7 Rc1+ 32. Ke2 Nc5 0-1

[Event "XI Open Vallee d'Aoste A"]
[Site "Saint Vincent - Chatillon ITA"]
[Date "2003.02.14"]
[Round "7"]
[White "Ortega, Lexy"]
[Black "Contin, Daniel"]
[Result "1-0"]
[WhiteElo "2452"]
[BlackElo "2330"]
[PlyCount "70"]
[EventDate "2003.02.08"]

1. d4 Nf6 2. Nf3 e6 3. c4 b6 4. g3 Ba6 5. Nbd2 Bb7 6. Bg2 Be7 7. O-O O-O 8. b3
c5 9. dxc5 bxc5 10. Bb2 a5 11. Qc2 d6 12. Ng5 Bxg2 13. Bxf6 g6 14. Nxf7 Rxf7
15. Bxe7 Qxe7 16. Kxg2 Nc6 17. Qe4 Ra6 18. Nf3 a4 19. h4 Qf6 20. Rad1 Nb4 21.
Rd2 Qc3 22. Rfd1 d5 23. Qg4 axb3 24. axb3 Kg7 25. h5 Rf5 26. Ng5 Qf6 27. h6+
Kg8 28. f4 Ra2 29. e4 Nc2 30. Kh3 Qf8 31. Rxc2 Rxc2 32. exf5 exf5 33. Qh4 Qe7
34. Nf3 Rh2+ 35. Nxh2 Qe2 1-0

[Event "XI Open Vallee d'Aoste A"]
[Site "Saint Vincent - Chatillon ITA"]
[Date "2003.02.14"]
[Round "7"]
[White "Palac, Mladen"]
[Black "Ibrahimov, Rasul"]
[Result "1-0"]
[WhiteElo "2591"]
[BlackElo "2462"]
[PlyCount "99"]
[EventDate "2003.02.08"]

1. e4 c5 2. Nf3 d6 3. d4 cxd4 4. Nxd4 Nf6 5. Nc3 a6 6. Bc4 e6 7. Bb3 Nc6 8. f4
Be7 9. Be3 O-O 10. Qe2 e5 11. Nxc6 bxc6 12. fxe5 dxe5 13. O-O a5 14. Rfd1 Qe8
15. h3 Bb4 16. Bg5 Nd7 17. Na4 Nc5 18. c3 Nxb3 19. axb3 Be7 20. Be3 Rb8 21. Nc5
Bd8 22. Rd2 Kh8 23. Rad1 Bb6 24. c4 f5 25. exf5 Bxf5 26. Nd7 Bxd7 27. Bxb6 Rxb6
28. Rxd7 Rxb3 29. Rc7 Rg8 30. Rdd7 Qg6 31. Qxe5 Qb1+ 32. Kh2 Qxb2 33. Qxa5 Qf6
34. Qe1 Qf4+ 35. Kh1 Re3 36. Qa1 Qg3 37. Re7 h6 38. Rxc6 Qg5 39. Rxe3 Qxe3 40.
Rg6 Kh7 41. Qb1 Kh8 42. Qb2 Kh7 43. Qb1 Kh8 44. Qb2 Kh7 45. Rg4 Qe7 46. Qc2+
Kh8 47. Re4 Qc5 48. Qe2 Qc6 49. Re6 Qd7 50. Qe4 1-0

[Event "XI Open Vallee d'Aoste A"]
[Site "Saint Vincent - Chatillon ITA"]
[Date "2003.02.14"]
[Round "7"]
[White "Papa, Severin"]
[Black "Godena, Michele"]
[Result "0-1"]
[WhiteElo "2356"]
[BlackElo "2524"]
[PlyCount "62"]
[EventDate "2003.02.08"]

1. e4 e5 2. Nf3 Nc6 3. Bb5 Nf6 4. Qe2 Bd6 5. O-O O-O 6. d3 a6 7. Ba4 b5 8. Bb3
h6 9. a4 Bb7 10. axb5 axb5 11. Rxa8 Bxa8 12. c3 Re8 13. Ba2 b4 14. Nh4 Bf8 15.
Qf3 Na5 16. cxb4 Nc6 17. Nf5 d5 18. Nc3 Nxb4 19. Bb3 c6 20. g4 Nh7 21. Qg3 Bb7
22. f4 Nxd3 23. Qxd3 Qb6+ 24. Be3 Qxb3 25. fxe5 Rxe5 26. exd5 Rxd5 27. Qe4 Rd8
28. Ne7+ Kh8 29. Nf5 c5 30. Qe5 Qxb2 31. Rf2 Rd1+ 0-1

[Event "XI Open Vallee d'Aoste A"]
[Site "Saint Vincent - Chatillon ITA"]
[Date "2003.02.14"]
[Round "7"]
[White "Sedina, Elena"]
[Black "Huzman, Alexander"]
[Result "0-1"]
[WhiteElo "2425"]
[BlackElo "2589"]
[PlyCount "78"]
[EventDate "2003.02.08"]

1. e4 c5 2. Nf3 g6 3. c3 d5 4. exd5 Qxd5 5. d4 Nf6 6. Be3 Bg7 7. Na3 cxd4 8.
Nb5 O-O 9. Qxd4 Qxd4 10. Bxd4 Nc6 11. Bc5 b6 12. Ba3 Bb7 13. Be2 Nd5 14. g3 a6
15. Nbd4 Nxd4 16. cxd4 Rac8 17. O-O Rc7 18. Rac1 Rfc8 19. Rxc7 Rxc7 20. Rd1 a5
21. Ne5 Nb4 22. Nc4 Nc2 23. Nxb6 Nxd4 24. Kf1 h5 25. Na4 Nxe2 26. Rd8+ Kh7 27.
Kxe2 Rc2+ 28. Rd2 Bf3+ 29. Kd3 Rc1 30. Nc3 e5 31. Bc5 g5 32. Be3 Kg6 33. Kc4
Rh1 34. h4 gxh4 35. gxh4 Rxh4+ 36. Kb5 Rg4 37. Nd5 h4 38. Ne7+ Kh7 39. Nf5 h3
0-1

[Event "XI Open Vallee d'Aoste A"]
[Site "Saint Vincent - Chatillon ITA"]
[Date "2003.02.14"]
[Round "7"]
[White "Welling, Gerard"]
[Black "Kveinys, Aloyzas"]
[Result "1/2-1/2"]
[WhiteElo "2400"]
[BlackElo "2541"]
[PlyCount "31"]
[EventDate "2003.02.08"]

1. d4 Nf6 2. c4 e6 3. Nc3 Bb4 4. Bd2 d5 5. e3 O-O 6. Nf3 b6 7. Bd3 Bb7 8. O-O
Nbd7 9. Nxd5 Nxd5 10. cxd5 Bxd2 11. dxe6 Bxf3 12. gxf3 Qg5+ 13. Kh1 Bxe3 14.
fxe3 fxe6 15. Bc4 Qe7 16. f4 1/2-1/2

[Event "XI Open Vallee d'Aoste A"]
[Site "Saint Vincent - Chatillon ITA"]
[Date "2003.02.14"]
[Round "7"]
[White "Zelcic, Robert"]
[Black "Prasad, Devaki V."]
[Result "1-0"]
[WhiteElo "2576"]
[BlackElo "2400"]
[PlyCount "63"]
[EventDate "2003.02.08"]

1. e4 c5 2. Nf3 d6 3. d4 cxd4 4. Nxd4 Nf6 5. Nc3 a6 6. Be2 e5 7. Nb3 Be7 8. O-O
O-O 9. Kh1 b6 10. a4 Bb7 11. f3 Nc6 12. Bg5 Nb4 13. Nb1 Nh5 14. Bxe7 Qxe7 15.
Qd2 Qh4 16. Kg1 Nf4 17. Rf2 Nxe2+ 18. Rxe2 a5 19. Qe3 f5 20. Nc3 fxe4 21. fxe4
Ba6 22. Nb5 d5 23. Qxb6 dxe4 24. Qe6+ Kh8 25. Nc5 Bxb5 26. axb5 Rac8 27. Qxe5
e3 28. b6 Qc4 29. Ne6 Rf7 30. Rxe3 Re8 31. Rf3 Rfe7 32. Raf1 1-0

[Event "XI Open Vallee d'Aoste A"]
[Site "Saint Vincent - Chatillon ITA"]
[Date "2003.02.15"]
[Round "8"]
[White "Arizmendi Martinez, Julen Luis"]
[Black "Bauer, Christian"]
[Result "1/2-1/2"]
[WhiteElo "2520"]
[BlackElo "2579"]
[PlyCount "70"]
[EventDate "2003.02.08"]

1. e4 e6 2. d4 d5 3. Nc3 Nc6 4. Nf3 Bb4 5. e5 b6 6. Bd3 Qd7 7. O-O Bf8 8. a3
Bb7 9. Ne2 O-O-O 10. b4 f6 11. Bd2 Kb8 12. b5 Nce7 13. a4 Nc8 14. Nf4 Qf7 15.
exf6 gxf6 16. Re1 Re8 17. c4 Bd6 18. cxd5 exd5 19. Rxe8 Qxe8 20. Qc2 Qf7 21.
Bf5 Nge7 22. Be6 Qe8 23. Re1 Qd8 24. Nh5 Ng6 25. Bf7 Be7 26. Bxg6 hxg6 27. Qxg6
Nd6 28. Bb4 Ne4 29. Bxe7 Qxe7 30. Qg7 Qxg7 31. Nxg7 Bc8 32. g3 Rh7 33. Ne8 Rh8
34. Ng7 Rh7 35. Ne8 Rh8 1/2-1/2

[Event "XI Open Vallee d'Aoste A"]
[Site "Saint Vincent - Chatillon ITA"]
[Date "2003.02.15"]
[Round "8"]
[White "Arlandi, Ennio"]
[Black "Dittmar, Peter"]
[Result "1-0"]
[WhiteElo "2456"]
[BlackElo "2320"]
[PlyCount "123"]
[EventDate "2003.02.08"]

1. d4 d5 2. c4 e6 3. Nc3 Nf6 4. cxd5 exd5 5. Bg5 c6 6. e3 Be7 7. Qc2 Nbd7 8.
Bd3 Nh5 9. Bxe7 Qxe7 10. Nge2 g6 11. O-O-O f5 12. Kb1 Ndf6 13. Rhe1 O-O 14. Nc1
Be6 15. Bf1 Qd6 16. g3 Ne4 17. Na4 b6 18. f3 Nef6 19. Nd3 Rac8 20. Rc1 Nd7 21.
Qb3 Nhf6 22. Rc3 Nb8 23. Qa3 Qd8 24. b4 Qd6 25. Rec1 Nbd7 26. R1c2 b5 27. Nab2
Nb6 28. Qxa7 Nc4 29. Qc5 Qc7 30. Ne5 Ne8 31. Bxc4 dxc4 32. Ra3 Bd5 33. Ra7 Qd6
34. Qxd6 Nxd6 35. Nd1 Ra8 36. Rxa8 Rxa8 37. Nc3 g5 38. Kb2 h5 39. h3 Kg7 40.
Re2 Nf7 41. Nxf7 Bxf7 42. e4 g4 43. hxg4 hxg4 44. fxg4 fxe4 45. Rxe4 Kg6 46.
Re7 Rd8 47. Ne2 Kf6 48. Rc7 Bd5 49. Nf4 Bf3 50. g5+ Kf5 51. g6 Kg4 52. g7 Rg8
53. Ng6 Be4 54. Ne5+ Kxg3 55. Re7 Bd5 56. Nd7 Ra8 57. Nf6 c3+ 58. Kxc3 Bxa2 59.
Re8 Ra3+ 60. Kb2 Ra7 61. g8=Q+ Bxg8 62. Nxg8 1-0

[Event "XI Open Vallee d'Aoste A"]
[Site "Saint Vincent - Chatillon ITA"]
[Date "2003.02.15"]
[Round "8"]
[White "Atalik, Suat"]
[Black "Relange, Eloi"]
[Result "1/2-1/2"]
[WhiteElo "2581"]
[BlackElo "2499"]
[PlyCount "100"]
[EventDate "2003.02.08"]

1. d4 Nf6 2. c4 g6 3. Nc3 Bg7 4. g3 c5 5. d5 e6 6. dxe6 dxe6 7. Qxd8+ Kxd8 8.
Bg2 Ke7 9. Nh3 Nbd7 10. O-O h6 11. Nf4 Ne8 12. Bd2 Rb8 13. Rab1 Ne5 14. Rfc1
Nd6 15. Ne4 Nexc4 16. Be1 b6 17. b4 Nxe4 18. Bxe4 Nd6 19. Bxg6 c4 20. Bc2 b5
21. Bd2 Bd4 22. Rd1 Bb7 23. Bc1 Be5 24. f3 Rbd8 25. Be3 a6 26. Bc5 Kd7 27. e4
Kc7 28. Kf2 Bc6 29. Ne2 Bg7 30. g4 Rd7 31. Bd4 Bxd4+ 32. Rxd4 e5 33. Rdd1 Rhd8
34. Ke3 Kb6 35. Nc3 f6 36. h4 Nf7 37. Rxd7 Rxd7 38. Rd1 Kc7 39. f4 Rxd1 40.
Bxd1 Kd6 41. f5 Ke7 42. Bf3 Nd6 43. Nd1 Nf7 44. Nf2 Kf8 45. Bd1 Kg7 46. Bc2 Nd6
47. a3 Nf7 48. Kd2 Nd6 49. Ke3 Nf7 50. Kd2 Nd6 1/2-1/2

[Event "XI Open Vallee d'Aoste A"]
[Site "Saint Vincent - Chatillon ITA"]
[Date "2003.02.15"]
[Round "8"]
[White "Azmaiparashvili, Zurab A."]
[Black "Mitkov, Nikola"]
[Result "1-0"]
[WhiteElo "2678"]
[BlackElo "2534"]
[PlyCount "79"]
[EventDate "2003.02.08"]

1. c4 Nf6 2. Nc3 e5 3. Nf3 Nc6 4. d3 Bb4 5. Bd2 O-O 6. e3 Re8 7. Be2 Bxc3 8.
Bxc3 d5 9. cxd5 Nxd5 10. O-O Bg4 11. Rc1 Qd6 12. Qa4 Qd7 13. Rfe1 Rad8 14. h3
Bf5 15. Qb3 Nb6 16. Red1 Be6 17. Qc2 Bxh3 18. gxh3 Qxh3 19. Ne1 Rd6 20. Bf1 Qh5
21. Qe2 Rg6+ 22. Ng2 Qh3 23. e4 Rh6 24. f3 Ree6 25. d4 exd4 26. Bxd4 Nd5 27.
Be3 Qh2+ 28. Kf2 Rh3 29. Ke1 Nxe3 30. Nxe3 Qxe2+ 31. Kxe2 Rh2+ 32. Ng2 h5 33.
Ke3 Rf6 34. Rc5 b6 35. Rg5 Nb4 36. a3 Nc2+ 37. Kf2 c5 38. Rd8+ Kh7 39. e5 Rc6
40. Bd3+ 1-0

[Event "XI Open Vallee d'Aoste A"]
[Site "Saint Vincent - Chatillon ITA"]
[Date "2003.02.15"]
[Round "8"]
[White "Bontempi, Piero"]
[Black "Vassallo Barroche, Mauricio"]
[Result "1-0"]
[WhiteElo "2316"]
[BlackElo "2443"]
[PlyCount "57"]
[EventDate "2003.02.08"]

1. e4 d5 2. exd5 Nf6 3. d4 Nxd5 4. Nf3 g6 5. Be2 Bg7 6. O-O O-O 7. c4 Nb6 8.
Nc3 c5 9. dxc5 N6d7 10. Bg5 Na6 11. Qd2 Naxc5 12. Rad1 Ne6 13. Bh4 Nf6 14. Nd5
Nxd5 15. cxd5 Nc7 16. Qe3 f6 17. Bc4 Kh8 18. Rfe1 Re8 19. h3 Bd7 20. Nd4 b5 21.
Bb3 Qc8 22. Nc6 e6 23. Ne7 Qb7 24. d6 Nd5 25. Nxd5 exd5 26. Qf3 Qb6 27. Bxd5
Rad8 28. Rxe8+ Rxe8 29. Bxf6 1-0

[Event "XI Open Vallee d'Aoste A"]
[Site "Saint Vincent - Chatillon ITA"]
[Date "2003.02.15"]
[Round "8"]
[White "Godena, Michele"]
[Black "Delchev, Aleksander"]
[Result "1-0"]
[WhiteElo "2524"]
[BlackElo "2583"]
[PlyCount "65"]
[EventDate "2003.02.08"]

1. e4 e5 2. Nf3 Nf6 3. Nxe5 d6 4. Nf3 Nxe4 5. Bd3 Nf6 6. h3 Be7 7. c3 O-O 8.
Bc2 b6 9. O-O Bb7 10. d4 Nbd7 11. Re1 Re8 12. Bg5 a6 13. Nbd2 h6 14. Bf4 b5 15.
Nf1 Bf8 16. Rxe8 Qxe8 17. Ng3 Bd5 18. Nh2 Qc8 19. Ng4 Qb7 20. Ne3 Bc6 21. Bb3
Nb6 22. Nh5 Nfd5 23. Bxh6 g6 24. Nxd5 Nxd5 25. Bxf8 Kxf8 26. Bxd5 Bxd5 27. Nf4
Re8 28. Qd2 g5 29. Nh5 Bxg2 30. Qxg5 Bxh3 31. Qh6+ Ke7 32. Re1+ Be6 33. Qg5+
1-0

[Event "XI Open Vallee d'Aoste A"]
[Site "Saint Vincent - Chatillon ITA"]
[Date "2003.02.15"]
[Round "8"]
[White "Huzman, Alexander"]
[Black "Chatalbashev, Boris"]
[Result "1/2-1/2"]
[WhiteElo "2589"]
[BlackElo "2515"]
[PlyCount "29"]
[EventDate "2003.02.08"]

1. d4 g6 2. Nf3 Bg7 3. c4 c5 4. d5 d6 5. e4 e6 6. Nc3 exd5 7. cxd5 a6 8. a4 Bg4
9. Be2 Bxf3 10. Bxf3 Nd7 11. O-O Ne7 12. Bf4 Ne5 13. Be2 O-O 14. Bd2 f5 15. f4
1/2-1/2